Kobiler için alternatif ve finansman yöntemleri (Record no. 3986)

MARC details
000 -BAŞLIK
Sabit Uzunlukta Kontrol Alanı 00682na a2200253 4500
001 - KONTROL NUMARASI
Denetim Alanı 17684
003 - KONTROL NUMARASI IDENTIFIER
Denetim Alanı MIRAKIL
005 - SON İŞLEM TARİHİ VE ZAMANI
Denetim Alanı 20181213154949.0
008 - SABİT-BOY VERİ ELEMANLARI - GENEL BİLGİLER
Sabit Uzunlukta Kontrol Alanı 161101b tu 000 0
020 ## - ULUSLARARASI STANDART KİTAP NUMARASI
Uluslararası Standart Kitap Numarası 9758759426
040 ## - KATALOGLAMA KAYNAK
Orijinal Kataloglama Ajansı Milas
Kataloglama Dili tur
Metne Dönüştürmek Ajansı TR-AnCHP
041 ## - DİL KODU
Metin / Ses Parça Veya Ayrı Başlığın Dil Kodu tur
082 ## - DEWEY ONLU SINIFLANDIRMA NUMARASI
Sınıflandırma Numarası 338.642
Ürün Numarası U38k 2006
090 ## - SINIFLAMA NUMARASI
Sınıflama Numarası 338.642 U38k 2006
100 ## - ANA GİRİŞ - KİŞİSEL İSİM
Kişisel Ad Uğur, Arif
245 ## - BAŞLIK TABLOSU
Başlık Kobiler için alternatif ve finansman yöntemleri
Sorumluluk Tablosu, Vb Arif Uğur
260 ## - YAYIN, DAĞITIM, VB
Yayın, Dağıtım, Vb Yeri Ankara
Yayıncı, Dağıtıcı, Vs Adı Sinemis Yayınları
Yayın, Dağıtım, Vb Tarihi 2006
300 ## - FİZİKSEL TANIM
Kapsam 230 s.
Boyutlar 22 sm.
440 ## - SERİSİ TABLOSU / KATMA GİRİŞİ - BAŞLIK
Başlık Sinemis Yayınları
Hacim / Ardışık Tanımı 43
490 ## - SERİSİ TABLOSU
Seri Beyanı Ekonomi
Hacim / Ardışık Tanımı 3
504 ## - KAYNAKÇA VB NOT
Kaynakça Vb Notu Kaynakça var.
650 ## - KONU KATMA GİRİŞ - TOPİKAL DÖNEM
Topikal Süreli Veya Coğrafi Ad Giriş Elemanı KOBİ'ler
Genel Alt Bölümü Finans yöntemleri
942 ## - EKLENDİ GİRİŞ ELEMANLARI (KOHA)
Sınıflandırma Veya Raf Düzeni Kaynak
Koha Öğesi Türü Books
999 ## - SİSTEM KONTROL NUMARALARI (KOHA)
Koha Biblionumber 3986
Koha Biblioitemnumber 3986
Holdings
Kalıcı Konum Mevcut Konum Edinme Tarihi Edinim Kaynak Toplam Check-Out'Lar Tam Çağrı Numarası Barkod Tarih Son Görülme İtibaren Geçerli Fiyatlar Koha Öğesi Türü
CHP Kütüphanesi CHP Kütüphanesi 11/01/2016 Bağış   338.642 U38k 2006 005989 11/01/2016 11/01/2016 Books